000 00908nam a2200253Ia 4500
003 GCL
008 140319s9999 xx 000 0 ara d
040 _aGCL /
_cGCL
082 0 4 _a394.268296
_bس م
100 1 _aسوزان السعيد يوسف
245 1 0 _aالمعتقدات الشعبية حول الاضرحة اليهودية /
_cسوزان السعيد يوسف
250 _aالاولى
260 _aالامارات :
_bعين للدراسات والبحوث الانسانية والاجتماعية ،
_c1997
300 _a261 ص ؛
_c24 سم
650 0 4 _aالمقابر
650 0 4 _aاضرحة الائمة والاولياء
650 0 4 _aالموالد
650 0 4 _aالاضرحة
650 0 4 _aالاطرحة، زيارة
650 0 4 _aاليهودية - مصر
650 0 4 _aالمعتقدات الشعبية
650 0 4 _aيعقوب ابوحصيرة
942 _2ddc
_cBK
999 _c5621
_d5621